Еміграція з Західної України 1919 - 1939 (Запис № 396807)

МАРК-запис
000 -Лідер
fixed length control field 01074nam a22002537a 4500
003 - Ідентифікатор контрольного номера
control field UA-OsUOA
001 - Контрольний номер
control field 110707
007 - Фіксоване поле фізичного опису
fixed length control field ta
008 - Елементи даних фіксованої довжини – загальна інформація
fixed length control field 20150331b un ||||| |||| 00| 0 ukr d
090 ## - Локальний шифр розміщення
Класифікаційний індекс УДК 94(477.8):314.743
Авторський знак (НП) К30
040 ## - Джерело каталогізації
Агенція оригінальної каталогізації UA-OsUOA
Мова каталогізації ukr
Агенція, яка здійснювала перезапис UA-OsUOA
Агенція, яка здійснювала модифікацію UA-OsUOA
041 ## - Код мови
Код мови тексту/ звукової доріжки чи окремого заголовка (П) ukr
080 ## - Індекс Універсальної десяткової класифікації
Індекс Універсальної десяткової класифікації (УДК) (НП) 94(477.8):314.743
020 ## - Міжнародний стандартний книжковий номер (ISBN)
Міжнародний стандартний книжковий номер (ISBN) (НП) 966-613-252-4
100 ## - Основне введення – ім’я особи
Ім’я особи (НП) Качараба С. П.
245 ## - Відомості про назву
Назва (НП) Еміграція з Західної України 1919 - 1939
Решта назви (НП) монографія
260 ## - Публікація, розповсюдження і т.п. (Вихідні дані)
Місце публікації, розповсюдження і т.п. (П) Львів
Ім’я/ наймення видавництва, розповсюджувача і т.п. (П) 2003
Дата публікації, розповсюдження і т.п. (П) 416 с.
300 ## - Фізичний опис
Обсяг 416 с.
520 3# - Резюме і т.п.
Резюме, реферат, анотація, тощо (НП) Зміст1. Передумови еміграції2. Еміграційна політика Польщі3. Північноамериканський напрям еміграції4. Південноамериканський напрям еміграції5. Еміграція євреїв до Палестини6. Континентальна еміграція
650 #7 - Додаткове предметне введення – тематичний термін
Тематичний термін чи географічна назва, як елемент введення (НП) 9 Географія. Біографії. Історія
Джерело заголовка чи терміна UDC
942 ## - Додаткові елементи входу (Коха)
Тип елемента Koha Книги
955 ## - Код типу видання за змістом
Код типу видання за змістом (НП) Наукові видання
Фонди
Стан вилучень Стан втрат Джерело класифікації або схеми стелажів Стан уражень Не для кредиту Постійне місце розташування Поточне розміщення Дата придбання Джерело придбання Вартість, звичайна ціна покупки Інвентарний номер Усього замовленно Повний номер виклику Штрих-код Дата останнього перегляду Дата останньої перевірки Ціна ефективна від Тип елемента Koha
    Universal Decimal Classification     ЧЗ - Читальна зала ЧЗ - Читальна зала 31/03/2015 11/2015 35.00 147646 2 94(477.8):314.743 К30 147646 07/02/2022 02/08/2019 31/03/2015 Книги